|
|
|
|
| LEADER |
01187nam a2200289 a 4500 |
| 001 |
26829 |
| 003 |
BD-DhAAL |
| 008 |
130408s2012 nju b 001 0 eng d |
| 010 |
|
|
|a 2001021236
|
| 020 |
|
|
|a 8178240726
|
| 020 |
|
|
|a 0691088942 (alk. paper)
|
| 020 |
|
|
|a 0691088950 (pbk. : alk. paper)
|
| 040 |
|
|
|a DLC
|c DLC
|d DLC
|d BD-DhAAL
|
| 082 |
0 |
0 |
|a 305.51220954
|2 21
|
| 100 |
1 |
|
|a Dirks, Nicholas B.,
|d 1950-
|9 54488
|
| 245 |
1 |
0 |
|a Castes of mind :
|b colonialism and the making of modern India /
|c Nicholas B. Dirks.
|
| 260 |
|
|
|a Princeton, N.J. :
|b Princeton University Press ;
|a Delhi :
|b Permanent Black,
|c c2012 [Sixth impression].
|
| 300 |
|
|
|a xiii, 372 pages ;
|c 25 cm.
|
| 504 |
|
|
|a Includes bibliographical references and index.
|
| 541 |
|
|
|e 26829
|
| 650 |
|
0 |
|a Caste
|z India.
|
| 650 |
|
0 |
|a Social classes
|z India.
|
| 651 |
|
0 |
|a India
|x History
|y British occupation, 1765-1947.
|
| 852 |
1 |
|
|a Ayesha Abed Library
|c General Stacks
|
| 942 |
|
|
|2 ddc
|c BK
|
| 999 |
|
|
|c 13287
|d 13287
|
| 952 |
|
|
|0 0
|1 0
|2 ddc
|4 0
|6 305_512209540000000_DIR
|7 0
|9 22167
|a BIGD
|b BIGD
|c GEN
|d 2013-04-10
|e Prothoma
|g 700.00
|l 2
|m 10
|o 305.51220954 DIR
|p 3050026829
|r 2014-11-19
|s 2014-05-12
|t 1
|w 2013-04-10
|y BK
|x Transferred from BDI to BIGD.
|